Database system implementation

Na minha lista:
Detalhes bibliográficos
Main Authors: García-Molina, Héctor (Author), Ullman, Jeffrey D (Author), Widom, Jennifer (Author)
Formato: Livro
Idioma:inglês
Publicado em: Upper Saddle River Prentice-Hall 2000
Assuntos:
Tags: Adicionar Tag
Sem tags, seja o primeiro a adicionar uma tag!

MARC

LEADER 00000cam a2200000 a 4500
001 UCJ1406
003 CL-VaPUC
008 061020e20000000us |||||||||||||||||eng|d
020 |a 0130402648 
082 0 4 |a 005.74  |b GAR  |2 21 
100 0 |a García-Molina, Héctor  |e author  |9 502014 
700 0 |a Ullman, Jeffrey D  |e author  |9 502015 
700 0 |a Widom, Jennifer  |e author  |9 502016 
245 1 0 |a Database system implementation 
300 |a 653 p 
942 |c BK 
945 |d 20061020 00:00:00  |a cmena 
260 |a Upper Saddle River  |b Prentice-Hall  |c 2000 
650 7 |a GESTION DE BASES DE DATOS  |2 CL-VaPUC  |9 451398 
650 0 |a Bases de datos   |9 260577 
650 0 |a Gestión de la información   |9 362327 
650 0 |a Diseño de bases de datos   |9 384787 
583 |a last modification  |c 20150424 04:35:08  |k Rodrigo Vera 
999 |c 317993  |d 317991 
952 |0 0  |1 0  |4 0  |6 005_740000000000000_GAR_2000  |7 0  |8 A  |9 395151  |a BIBING  |b BIBING  |d 2019-11-22  |i 4289056  |l 1  |o 005.74 GAR 2000  |p 4289056  |r 2025-01-20  |s 2020-07-28  |w 2019-11-22  |y BK  |k CCI 
952 |0 0  |1 0  |4 0  |6 005_740000000000000_GAR_2000  |7 0  |8 A  |9 395152  |a BIBING  |b BIBING  |d 2019-11-22  |i 4289064  |o 005.74 GAR 2000  |p 4289064  |r 2025-01-20  |w 2019-11-22  |y BK  |k CCI 
952 |0 0  |1 0  |4 0  |6 005_740000000000000_GAR_2000  |7 0  |8 A  |9 395153  |a BIBING  |b BIBING  |d 2019-11-22  |i 4289072  |o 005.74 GAR 2000  |p 4289072  |r 2025-01-20  |w 2019-11-22  |y BK  |k CCI 
952 |0 0  |1 0  |4 0  |6 005_740000000000000_GAR_2000  |7 0  |8 A  |9 395154  |a BIBING  |b BIBING  |d 2019-11-22  |i 4289080  |o 005.74 GAR 2000  |p 4289080  |r 2025-01-20  |w 2019-11-22  |y BK  |k CCI 
952 |0 0  |1 0  |4 0  |6 005_740000000000000_GAR_2000  |7 0  |8 A  |9 395155  |a BIBING  |b BIBING  |d 2019-11-22  |i 4289099  |o 005.74 GAR 2000  |p 4289099  |r 2025-01-20  |w 2019-11-22  |y BK  |k CCI